| 000 | 00406nam a2200133Ia 4500 | ||
|---|---|---|---|
| 008 | 200515s9999||||xx |||||||||||||| ||und|| | ||
| 084 |
_a84.7Кл-44 _bГ 21 _2NNA |
||
| 100 | _aГарсиа Маркес Г. | ||
| 245 | 0 |
_aПолковнику никто не пишет _cРед.Ю. В. Ванникова |
|
| 260 |
_c1990 _aМ _bХудож. лит., |
||
| 300 | _a462 | ||
| 546 | _aОрос | ||
| 942 | _cBK | ||
| 999 |
_c242963 _d243020 |
||